Guía para adelgazar correctamente conservando la salud
Сохранить в:
| Главный автор: | |
|---|---|
| Формат: | |
| Язык: | испанский |
| Опубликовано: |
Barcelona
Paidotribo
1994
|
| Серии: | Colección Nutrición y Salud
|
| Предметы: | |
| Метки: |
Добавить метку
Нет меток, Требуется 1-ая метка записи!
|
MARC
| LEADER | 00000nam a2200000 a 4500 | ||
|---|---|---|---|
| 001 | UCY5553 | ||
| 003 | CL-VaPUC | ||
| 008 | 950511e19940000SP |||||||||||||||||spa|d | ||
| 082 | 0 | 4 | |a 613.71 |b FRI |2 21 |
| 100 | 0 | |a Fricker, Jacques |e author |9 334443 | |
| 245 | 1 | 0 | |a Guía para adelgazar correctamente conservando la salud |
| 300 | |a 352 p | ||
| 942 | |c BK | ||
| 945 | |d 19950511 00:00:00 |a rbrito | ||
| 260 | |a Barcelona |b Paidotribo |c 1994 | ||
| 650 | 0 | |a Ejercicios físicos |9 307296 | |
| 650 | 7 | |a DIETETICA |2 CL-VaPUC |9 259618 | |
| 650 | 0 | |a Nutrición |9 259434 | |
| 650 | 0 | |a Salud |9 258663 | |
| 650 | 7 | |a OBESIDAD |2 CL-VaPUC |9 334444 | |
| 650 | 7 | |a DESNUTRICION |2 CL-VaPUC |9 261353 | |
| 583 | |a last modification |c 19950511 00:00:00 |k Rodrigo Vera | ||
| 490 | 0 | |a Colección Nutrición y Salud | |
| 999 | |c 233196 |d 233194 | ||
| 952 | |0 0 |1 0 |4 0 |6 613_710000000000000_FRI_1994 |7 0 |8 P |9 238515 |a BIBEDU |b BIBEDU |c BIBEDU_PB |d 2019-11-18 |i 3083071 |o 613.71 FRI 1994 |p 3083071 |r 2024-01-25 |w 2019-11-18 |y BK |k EFI | ||